<?xml version="1.0" encoding="UTF-8"?>
<record
    xmlns:xsi="http://www.w3.org/2001/XMLSchema-instance"
    xsi:schemaLocation="http://www.loc.gov/MARC21/slim http://www.loc.gov/standards/marcxml/schema/MARC21slim.xsd"
    xmlns="http://www.loc.gov/MARC21/slim">

  <leader>01059nam a2200145   4500</leader>
  <controlfield tag="008">708 Z39a</controlfield>
  <datafield tag="020" ind1=" " ind2=" ">
    <subfield code="a">9788599277058</subfield>
  </datafield>
  <datafield tag="082" ind1=" " ind2=" ">
    <subfield code="a">708</subfield>
    <subfield code="b">Z39a</subfield>
  </datafield>
  <datafield tag="100" ind1=" " ind2=" ">
    <subfield code="a">O. Farkas, Solange &amp; Bogossian, Gabriel (Curadur&#xED;a)</subfield>
    <subfield code="9">6351</subfield>
  </datafield>
  <datafield tag="245" ind1=" " ind2=" ">
    <subfield code="a">Akram Zaatari:</subfield>
    <subfield code="b">amanh&#xE3; vai ficar tudo bem - tomorrow everything will be alright</subfield>
  </datafield>
  <datafield tag="260" ind1=" " ind2=" ">
    <subfield code="a">S&#xE3;o Paulo</subfield>
    <subfield code="b">Associa&#xE7;&#xE3;o Cultural Videobrasil</subfield>
    <subfield code="c">2016</subfield>
  </datafield>
  <datafield tag="300" ind1=" " ind2=" ">
    <subfield code="a">96 p.</subfield>
    <subfield code="b">ill. (col)</subfield>
    <subfield code="c">15 x 21 cm</subfield>
  </datafield>
  <datafield tag="505" ind1=" " ind2=" ">
    <subfield code="t">O chamado do desejoso</subfield>
    <subfield code="r">Solange O. Farkas &amp; Gabriel Bogossian</subfield>
    <subfield code="t">Call of the desirous</subfield>
    <subfield code="r">Solange O. Farkas &amp; Gabriel Bogossian</subfield>
    <subfield code="t">Obras em video - Video works</subfield>
    <subfield code="t">Vistas de exposic&#xE3;o - exhibition views</subfield>
    <subfield code="t">Desenhos - drawings</subfield>
    <subfield code="t">Uma conversa com Akram Zaatari</subfield>
    <subfield code="r">Moacir dos Anjos</subfield>
    <subfield code="t">A conversation with Akram Zaatari</subfield>
    <subfield code="r">Moacir dos Anjos</subfield>
    <subfield code="t">N&#xE3;o d&#xE1; para fragmentar o desejo: as motiva&#xE7;&#xF5;es criativas de Akram Zaatari</subfield>
    <subfield code="r">Mark R. Westmoreland</subfield>
    <subfield code="t">You cannot partition desire: Akram Zaatari&#xB4;s creative motivations</subfield>
    <subfield code="r">Mark R. Westmoreland</subfield>
    <subfield code="t">Colaboradores - constributors</subfield>
  </datafield>
  <datafield tag="650" ind1=" " ind2=" ">
    <subfield code="x">arte contempor&#xE1;neo</subfield>
    <subfield code="x">arte exhibiciones</subfield>
    <subfield code="x">videoarte</subfield>
    <subfield code="x">artes visuales</subfield>
    <subfield code="9">6352</subfield>
  </datafield>
  <datafield tag="999" ind1=" " ind2=" ">
    <subfield code="c">1475</subfield>
    <subfield code="d">1475</subfield>
  </datafield>
  <datafield tag="952" ind1=" " ind2=" ">
    <subfield code="0">0</subfield>
    <subfield code="1">0</subfield>
    <subfield code="2">ddc</subfield>
    <subfield code="4">0</subfield>
    <subfield code="7">0</subfield>
    <subfield code="a">LV</subfield>
    <subfield code="b">LV</subfield>
    <subfield code="c">Monograf&#xED;as</subfield>
    <subfield code="d">2018-05-30</subfield>
    <subfield code="l">0</subfield>
    <subfield code="o">708 Z39a</subfield>
    <subfield code="p">004562</subfield>
    <subfield code="r">2018-05-30 00:00:00</subfield>
    <subfield code="w">2018-05-30</subfield>
    <subfield code="y">01</subfield>
  </datafield>
</record>
